| 000 | 00528nam a22001817a 4500 | ||
|---|---|---|---|
| 003 | OSt | ||
| 005 | 20260126072743.0 | ||
| 008 | 260126b |||||||| |||| 00| 0 eng d | ||
| 020 | _a981-4040-45-2 | ||
| 040 |
_aDWC-Main Lib. _cOC |
||
| 082 | _aCirc. 658.4 J775s 1999 | ||
| 100 | _aJay, Ros | ||
| 245 |
_aThe seven deadly skills of management/ _cRos Jay |
||
| 260 |
_aLondon : _bInternational Thomson business press, _cc1999. |
||
| 300 |
_a135 p. ; _c23 cm. |
||
| 500 | _aInclude index. | ||
| 942 |
_2ddc _cBK-CIRC _hCirc. _n0 |
||
| 999 |
_c7815 _d7815 |
||